| 000 | 00562nam a2200205Ia 4500 | ||
|---|---|---|---|
| 003 | OSt | ||
| 005 | 20240906113848.0 | ||
| 008 | 220927b |||||||| |||| 00| 0 eng d | ||
| 020 | _a0521259231 | ||
| 037 | _cTextual | ||
| 040 |
_aSDCL _cSDCL _beng |
||
| 041 |
_2eng _aeng |
||
| 082 | _aYxM58,2 M4 | ||
| 100 |
_aFenton, Steve _9409892 |
||
| 245 | 0 | _aDurkheim modern sociology. | |
| 260 |
_aCambridge : _bCambridge University Press, _c1984. |
||
| 300 | _a276p. | ||
| 942 |
_hYxM58,2 M4 _cTEXL _2CC |
||
| 999 |
_c725462 _d725462 |
||